Liste des évêques de France - Statistiques

Statistiques générales
  • Ce quiz a été pris 16 fois
    6 depuis la dernière actualisation
  • Le résultat moyen est 30 sur 111
Statistiques - réponses
Diocèse Évêque % Correct
Ajaccio François-Xavier Bustillo
80%
Reims Éric de Moulins-Beaufort
60%
Marseille Jean-Marc Aveline
60%
Paris Laurent Ulrich
60%
Nanterre Matthieu Rougé
60%
Lyon Olivier de Germay
60%
Limoges Pierre-Antoine Bozo
60%
Soissons Renauld de Dinechin
60%
Armées Antoine de Romanet
40%
Pontoise Benoît Bertrand
40%
Autun Benoît Rivière
40%
Séez Bruno Feillet
40%
Saint-Brieuc Denis Moutel
40%
Rouen Dominique Lebrun
40%
Angers Emmanuel Delmas
40%
Paris, auxiliaire Emmanuel Tois
40%
Luçon François Jacolin
40%
Clermont François Kalist
40%
Fréjus-Toulon François Touvet
40%
La Rochelle et Saintes Georges Colomb
40%
Coutances et Avranches Grégoire Cador
40%
Toulouse Guy de Kerimel
40%
Angoulême Hervé Gosselin
40%
Orléans Jacques Blaquart
40%
Bayeux et Lisieux Jacques Habert
40%
Rennes, auxiliaire Jean Bondu
40%
Tarbes et Lourdes Jean-Marc Micas
40%
Bordeaux Jean-Paul James
40%
Le Mans Jean-Pierre Vuillemin
40%
Poitiers Jérôme Beau
40%
Quimper et Léon Laurent Dognin
40%
Lille Laurent Le Boulc'h
40%
Nantes Laurent Percerou
40%
Bayonne Marc Aillet
40%
Laval Matthieu Dupont
40%
Arras Olivier Leborgne
40%
Chartres Philippe Christory
40%
Rennes Pierre d'Ornellas
40%
Vannes Raymond Centène
40%
Saint-Étienne Sylvain Bataille
40%
Tours Vincent Jordy
40%
Cayenne Alain Ransay
20%
Agen Alexandre de Bucy
20%
Troyes Alexandre Joly
20%
Dijon Antoine Hérouard
20%
Pamiers Benoît Gschwind
20%
Auch Bertrand Lacombe
20%
Carcassonne Bruno Valentin
20%
Aix-en-Provence et Arles Christian Delarbre
20%
Strasbourg, auxiliaire Christian Kratz
20%
Saint-Pierre et Fort-de-France David Macaire
20%
Belfort-Montbéliard Denis Jachiet
20%
Saint-Flour Didier Noblot
20%
Créteil Dominique Blanchet
20%
Digne-les-Bains Emmanuel Gobilliard
20%
Tulle Éric Bidot
20%
Saint-Denis Étienne Guillet
20%
Reims, auxiliaire Étienne Vető
20%
Châlons-en-Champagne Franck Javary
20%
Valence François Durand
20%
Avignon François Fonlupt
20%
Saint-Dié François Gourdon
20%
Amiens Gérard Le Stang
20%
Nevers Grégoire Drouot
20%
Meaux, auxiliaire Guillaume de Lisle
20%
Viviers Hervé Giraud
20%
Beauvais Jacques Benoit-Gonnin
20%
Albi Jean-Louis Balsa
20%
Besançon Jean-Luc Bouilleret
20%
Le Havre Jean-Luc Brunin
20%
Grenoble-Vienne Jean-Marc Eychenne
20%
Bordeaux, auxiliaire Jean-Marie Le Vert
20%
Verdun Jean-Paul Gusching
20%
Mende Jean Pelletier
20%
Papeete Jean-Pierre Cottanceau
20%
Langres Joseph de Metz-Noblat
20%
Cahors Laurent Camiade
20%
Lyon, auxiliaire Loïc Lagadec
20%
Versailles Luc Crepy
20%
Moulins Marc Beaumont
20%
Évry-Corbeil-Essonnes Michel Pansard
20%
Aire et Dax Nicolas Souchu
20%
Montpellier Norbert Turini
20%
Évreux Olivier de Cagny
20%
Belley-Ars Pascal Roland
20%
Sens-Auxerre Pascal Wintzer
20%
Lyon, auxiliaire Patrick Le Gal
20%
Metz Philippe Ballot
20%
Basse-Terre et Pointe-à-Pitre Philippe Guiougou
20%
Paris, auxiliaire Philippe Marsset
20%
Nancy-Toul Pierre-Yves Michel
20%
Chambéry Thibault Verny
20%
Lyon, auxiliaire Thierry Brac de La Perrière
20%
Perpignan Thierry Scherrer
20%
Cambrai Vincent Dollmann
20%
Gap et Embrun Xavier Malle
20%
Le Puy-en-Velay Yves Baumgarten
20%
Annecy Yves Le Saux
20%
Montauban Alain Guellec
0%
Blois Francis Bestion
0%
Saint-Claude Jean-Luc Garin
0%
Nice Jean-Philippe Nault
0%
Toulouse, auxiliaire Jean-Pierre Batut
0%
Meaux Jean-Yves Nahmias
0%
Rodez Luc Meyer
0%
Nîmes Nicolas Brouwet
0%
Saint-Denis de La Réunion Pascal Chane-Teng
0%
Taiohae (Polynésie) Pascal Chang-Soï
0%
Strasbourg Pascal Delannoy
0%
Périgueux Philippe Mousset
0%
Nouméa Susitino Sionepoe
0%
Aucun quiz correspondant
Distribution des résultats
% des personnes avec chaque résultat
Percentile par nombre de réponses
Votre historique - résultats
Vous n’avez pas pris ce quiz depuis la dernière actualisation